| 000 | 00674nam a22002057a 4500 | ||
|---|---|---|---|
| 003 | OSt | ||
| 005 | 20170301133524.0 | ||
| 008 | 110823t xxu||||| |||| 00| 0 ara d | ||
| 040 | _aEG-BUE | ||
| 082 | 0 | 4 |
_a303.482401767 _bز ي ا _222 |
| 100 | 1 |
_926865 _aزيادة، خالد |
|
| 245 |
_aتطور النظرة الإسلامية إلى اوروبا / _cخالد زيادة . |
||
| 260 |
_aلبنان : _bمعهد الانماء العربي ، _c1983. |
||
| 300 |
_a263 ص: _c24 سم. |
||
| 490 | _aالدراسات الاسلامية ؛ | ||
| 504 | _aيحتوي علي ارجاعات ببليوجرافية | ||
| 650 | _2BUEsh | ||
| 651 | _2BUEsh | ||
| 942 |
_2ddc _cBB |
||
| 999 |
_c15901 _d15901 |
||